KAPTAN DÜŞÜKDON VE SÜMÜKLÜ BİYONİK ÇOCUĞUN BÜYÜK SAVAŞI (Record no. 1204200)

MARC details
000 -LEADER
sabit uzunluktaki kontrol alanı 00291nam a2200097Ia 4500
001 - KONTROL NUMARASI
kontrol alanı 1204200
005 - EN SON İŞLEMİN TARİH VE ZAMANI
kontrol alanı 20250827022723.0
008 - SABİT-UZUNLUKTA VERİ ÖĞELERİ--GENEL BİLGİ
sabit uzunluktaki kontrol alanı 250824s9999 xx 000 0 und d
245 #0 - ESER / YAZAR
ESER ADI KAPTAN DÜŞÜKDON VE SÜMÜKLÜ BİYONİK ÇOCUĞUN BÜYÜK SAVAŞI
Yazar Adı DAV PİLKEY
260 ## - YAYIN, DAĞITIM, VB.
YAYIN EVİ ALTIN KİTAPLAR
Holdings
Düşüm durumu Kayıp durumu Hasar Durumu Ödünç verilmez Ana kütüphane Geçerli Kütüphane Edinilen tarih Toplam ödünç verme sayısı Barkod Son görüntüleme tarihi Son ödünç verme tarihi Fiyatın geçerli olmaya başladığı tarih Koha materyal türü
        MAHMUT SAMİ RAZAMANOĞLU KIZ İMAM HATİP LİSESİ MAHMUT SAMİ RAZAMANOĞLU KIZ İMAM HATİP LİSESİ 24.08.2025 8 110013018 27.04.2026 27.04.2026 27.08.2025 Books